Normal view
MARC view
- رياض الاطفال - تربية الطفل
Entry Topical Term
001 - CONTROL NUMBER
- control field: 9879
003 - CONTROL NUMBER IDENTIFIER
- control field: JO-AjAnu
005 - DATE AND TIME OF LATEST TRANSACTION
- control field: 20230606071904.0
008 - FIXED-LENGTH DATA ELEMENTS
- fixed length control field: 230606|| aca||aabn | a|a d
040 ## - CATALOGING SOURCE
- Original cataloging agency: JO-AjAnu
- Transcribing agency: JO-AjAnu
150 ## - HEADING--TOPICAL TERM
- Topical term or geographic name entry element: رياض الاطفال - تربية الطفل
670 ## - SOURCE DATA FOUND
- Source citation: Work cat.: (JO-AjAnu)5091: تأليف: المنر، عصام / م.مشارك: عزة العمد، امية بدران, author 9878, تخطيط برامج تربية الطفل وتطويرها